Miami Heat: Most Dunks Each Year - Statistics

General Stats
  • This quiz has been taken 511 times
    171 since last reset
  • The average score is 19 of 23
Answer Stats
Year Player Dunks % Correct
2011-2012 LeBron James 104
97%
2012-2013 LeBron James 144
97%
2013-2014 LeBron James 134
97%
2003-2004 Dwayne Wade 63
93%
2008-2009 Dwayne Wade 128
93%
2009-2010 Dwayne Wade 115
93%
2010-2011 Dwayne Wade 102
93%
2004-2005 Shaquille O'Neal 255
92%
2005-2006 Shaquille O'Neal 203
92%
2007-2008 Shaquille O'Neal 51
92%
2019-2020 Bam Adebayo 157
90%
2020-2021 Bam Adebayo 137
90%
2021-2022 Bam Adebayo 119
90%
2022-2023 Bam Adebayo 140
90%
2023-2024 Bam Adebayo 134
90%
2017-2018 Bam Adebayo 91
83%
2001-2002 Alonzo Mourning 134
72%
2006-2007 Alonzo Mourning 86
72%
2002-2003 Caron Butler 54
60%
2014-2015 Hassan Whiteside 86
59%
2015-2016 Hassan Whiteside 148
59%
2016-2017 Hassan Whiteside 163
59%
2018-2019 Hassan Whiteside 151
59%
No matching quizzes found
Score Distribution
Percent of People with Each Score
Percentile by Number Answered
Your Score History
You have not taken this quiz since the last reset